<?xml version="1.0" encoding="UTF-8"?>
<record
    xmlns:xsi="http://www.w3.org/2001/XMLSchema-instance"
    xsi:schemaLocation="http://www.loc.gov/MARC21/slim http://www.loc.gov/standards/marcxml/schema/MARC21slim.xsd"
    xmlns="http://www.loc.gov/MARC21/slim">

  <leader>00256nam a22001097a 4500</leader>
  <datafield tag="040" ind1=" " ind2=" ">
    <subfield code="c">SK</subfield>
  </datafield>
  <datafield tag="082" ind1=" " ind2=" ">
    <subfield code="a">512</subfield>
  </datafield>
  <datafield tag="100" ind1=" " ind2=" ">
    <subfield code="a">LENG BUNHOR</subfield>
  </datafield>
  <datafield tag="245" ind1=" " ind2=" ">
    <subfield code="a">Matrices determinats linear programming statistical techniques</subfield>
  </datafield>
  <datafield tag="260" ind1=" " ind2=" ">
    <subfield code="a">Phnom Penh</subfield>
    <subfield code="b">LEN</subfield>
    <subfield code="c">2006</subfield>
  </datafield>
  <datafield tag="942" ind1=" " ind2=" ">
    <subfield code="c">KB</subfield>
  </datafield>
  <datafield tag="999" ind1=" " ind2=" ">
    <subfield code="c">8546</subfield>
    <subfield code="d">8546</subfield>
  </datafield>
  <datafield tag="952" ind1=" " ind2=" ">
    <subfield code="0">0</subfield>
    <subfield code="1">0</subfield>
    <subfield code="4">0</subfield>
    <subfield code="6">512_000000000000000_LEN_2006_C174</subfield>
    <subfield code="7">0</subfield>
    <subfield code="9">48725</subfield>
    <subfield code="a">LBC</subfield>
    <subfield code="b">LBC</subfield>
    <subfield code="c">C174</subfield>
    <subfield code="d">2016-08-03</subfield>
    <subfield code="o">512 LEN 2006 C174</subfield>
    <subfield code="p">RUA035154</subfield>
    <subfield code="r">2016-08-03</subfield>
    <subfield code="y">KB</subfield>
  </datafield>
  <datafield tag="952" ind1=" " ind2=" ">
    <subfield code="0">0</subfield>
    <subfield code="1">0</subfield>
    <subfield code="4">0</subfield>
    <subfield code="6">512_000000000000000_LEN_2006_C174</subfield>
    <subfield code="7">0</subfield>
    <subfield code="9">48733</subfield>
    <subfield code="a">LBC</subfield>
    <subfield code="b">LBC</subfield>
    <subfield code="c">C174</subfield>
    <subfield code="d">2016-08-03</subfield>
    <subfield code="o">512 LEN 2006 C174</subfield>
    <subfield code="p">RUA062588</subfield>
    <subfield code="r">2016-10-17</subfield>
    <subfield code="y">KB</subfield>
  </datafield>
  <datafield tag="952" ind1=" " ind2=" ">
    <subfield code="0">0</subfield>
    <subfield code="1">0</subfield>
    <subfield code="4">0</subfield>
    <subfield code="6">512_000000000000000_LEN_2006_C174</subfield>
    <subfield code="7">0</subfield>
    <subfield code="9">48734</subfield>
    <subfield code="a">LBC</subfield>
    <subfield code="b">LBC</subfield>
    <subfield code="c">C174</subfield>
    <subfield code="d">2016-08-03</subfield>
    <subfield code="o">512 LEN 2006 C174</subfield>
    <subfield code="p">RUA036431</subfield>
    <subfield code="r">2016-08-03</subfield>
    <subfield code="y">KB</subfield>
  </datafield>
  <datafield tag="952" ind1=" " ind2=" ">
    <subfield code="0">0</subfield>
    <subfield code="1">0</subfield>
    <subfield code="4">0</subfield>
    <subfield code="6">512_000000000000000_LEN_2006_C174</subfield>
    <subfield code="7">0</subfield>
    <subfield code="9">48735</subfield>
    <subfield code="a">LBC</subfield>
    <subfield code="b">LBC</subfield>
    <subfield code="c">C174</subfield>
    <subfield code="d">2016-08-03</subfield>
    <subfield code="o">512 LEN 2006 C174</subfield>
    <subfield code="p"> RUA036371</subfield>
    <subfield code="r">2016-08-03</subfield>
    <subfield code="y">KB</subfield>
  </datafield>
  <datafield tag="952" ind1=" " ind2=" ">
    <subfield code="0">0</subfield>
    <subfield code="1">0</subfield>
    <subfield code="4">0</subfield>
    <subfield code="6">512_000000000000000_LEN_2006_C174</subfield>
    <subfield code="7">0</subfield>
    <subfield code="9">48736</subfield>
    <subfield code="a">LBC</subfield>
    <subfield code="b">LBC</subfield>
    <subfield code="c">C174</subfield>
    <subfield code="d">2016-08-03</subfield>
    <subfield code="o">512 LEN 2006 C174</subfield>
    <subfield code="p">RUA037398</subfield>
    <subfield code="r">2016-08-03</subfield>
    <subfield code="y">KB</subfield>
  </datafield>
  <datafield tag="952" ind1=" " ind2=" ">
    <subfield code="0">0</subfield>
    <subfield code="1">0</subfield>
    <subfield code="4">0</subfield>
    <subfield code="6">512_000000000000000_LEN_2006_C174</subfield>
    <subfield code="7">0</subfield>
    <subfield code="9">48738</subfield>
    <subfield code="a">LBC</subfield>
    <subfield code="b">LBC</subfield>
    <subfield code="c">C174</subfield>
    <subfield code="d">2016-08-03</subfield>
    <subfield code="o">512 LEN 2006 C174</subfield>
    <subfield code="p">RUA062704</subfield>
    <subfield code="r">2016-08-03</subfield>
    <subfield code="y">KB</subfield>
  </datafield>
  <datafield tag="952" ind1=" " ind2=" ">
    <subfield code="0">0</subfield>
    <subfield code="1">0</subfield>
    <subfield code="4">0</subfield>
    <subfield code="6">512_000000000000000_LEN_2006_C174</subfield>
    <subfield code="7">0</subfield>
    <subfield code="9">48741</subfield>
    <subfield code="a">LBC</subfield>
    <subfield code="b">LBC</subfield>
    <subfield code="c">C174</subfield>
    <subfield code="d">2016-08-03</subfield>
    <subfield code="o">512 LEN 2006 C174</subfield>
    <subfield code="p">RUA062648</subfield>
    <subfield code="r">2016-08-03</subfield>
    <subfield code="y">KB</subfield>
  </datafield>
  <datafield tag="952" ind1=" " ind2=" ">
    <subfield code="0">0</subfield>
    <subfield code="1">0</subfield>
    <subfield code="4">0</subfield>
    <subfield code="6">512_000000000000000_LEN_2006_C174</subfield>
    <subfield code="7">0</subfield>
    <subfield code="9">48744</subfield>
    <subfield code="a">LBC</subfield>
    <subfield code="b">LBC</subfield>
    <subfield code="c">C174</subfield>
    <subfield code="d">2016-08-03</subfield>
    <subfield code="o">512 LEN 2006 C174</subfield>
    <subfield code="p">RUA062591</subfield>
    <subfield code="r">2016-08-03</subfield>
    <subfield code="y">KB</subfield>
  </datafield>
  <datafield tag="952" ind1=" " ind2=" ">
    <subfield code="0">0</subfield>
    <subfield code="1">0</subfield>
    <subfield code="4">0</subfield>
    <subfield code="6">512_000000000000000_LEN_2006_C174</subfield>
    <subfield code="7">0</subfield>
    <subfield code="9">48747</subfield>
    <subfield code="a">LBC</subfield>
    <subfield code="b">LBC</subfield>
    <subfield code="c">C174</subfield>
    <subfield code="d">2016-08-03</subfield>
    <subfield code="o">512 LEN 2006 C174</subfield>
    <subfield code="p">RUA062524</subfield>
    <subfield code="r">2016-08-03</subfield>
    <subfield code="y">KB</subfield>
  </datafield>
  <datafield tag="952" ind1=" " ind2=" ">
    <subfield code="0">0</subfield>
    <subfield code="1">0</subfield>
    <subfield code="4">0</subfield>
    <subfield code="6">512_000000000000000_LEN_2006_C174</subfield>
    <subfield code="7">0</subfield>
    <subfield code="9">48749</subfield>
    <subfield code="a">LBC</subfield>
    <subfield code="b">LBC</subfield>
    <subfield code="c">C174</subfield>
    <subfield code="d">2016-08-03</subfield>
    <subfield code="o">512 LEN 2006 C174</subfield>
    <subfield code="p">RUA062584</subfield>
    <subfield code="r">2016-10-17</subfield>
    <subfield code="y">KB</subfield>
  </datafield>
</record>
